|
|
|
|
| LEADER |
01523nam a22003734a 4500 |
| 001 |
EBC547628 |
| 003 |
MiAaPQ |
| 005 |
20200520144314.0 |
| 006 |
m o d | |
| 007 |
cr cn||||||||| |
| 008 |
060202r20061916alua sb 001 0 eng |
| 010 |
|
|
|z 2006003733
|
| 020 |
|
|
|z 9780817352967 (pbk. : alk. paper)
|
| 020 |
|
|
|z 0817352961
|
| 035 |
|
|
|a (MiAaPQ)EBC547628
|
| 035 |
|
|
|a (Au-PeEL)EBL547628
|
| 035 |
|
|
|a (CaPaEBR)ebr10408811
|
| 035 |
|
|
|a (OCoLC)650060121
|
| 040 |
|
|
|a MiAaPQ
|c MiAaPQ
|d MiAaPQ
|
| 043 |
|
|
|a n-us-la
|a n-usm--
|
| 050 |
|
4 |
|a HF3025
|b .S8 2006
|
| 082 |
0 |
4 |
|a 382.09763
|2 22
|
| 100 |
1 |
|
|a Miller Surrey, N. M.
|q (Nancy Maria),
|d 1874-1941.
|
| 245 |
1 |
4 |
|a The commerce of Louisiana during the French regime, 1699-1763
|h [electronic resource] /
|c N.M. Miller Surrey ; introduction by Gregory Waselkov.
|
| 260 |
|
|
|a Tuscaloosa :
|b University of Alabama Press,
|c 2006.
|
| 300 |
|
|
|a vi, 495 p. :
|b ill.
|
| 500 |
|
|
|a Originally published as the author's thesis (Ph. D.)--Columbia University, 1916.
|
| 504 |
|
|
|a Includes bibliographical references (p. 464-476) and index.
|
| 533 |
|
|
|a Electronic reproduction. Ann Arbor, MI : ProQuest, 2015. Available via World Wide Web. Access may be limited to ProQuest affiliated libraries.
|
| 651 |
|
0 |
|a Louisiana
|x Commerce
|x History.
|
| 651 |
|
0 |
|a Mississippi River Valley
|x Commerce
|x History.
|
| 655 |
|
4 |
|a Electronic books.
|
| 710 |
2 |
|
|a ProQuest (Firm)
|
| 856 |
4 |
0 |
|u https://ebookcentral.proquest.com/lib/matrademy/detail.action?docID=547628
|z Click to View
|